[Event "XI C.to Italiano U20"]
[Site "Bratto - Castione della Presolana ITA"]
[Date "2003.08.21"]
[Round "1"]
[White "Bdair, Bilal"]
[Black "Buchicchio, Giampaolo"]
[Result "0-1"]
[WhiteElo "1702"]
[BlackElo "2253"]
[PlyCount "106"]
[EventDate "2003.08.21"]

1. d4 d5 2. c4 c6 3. cxd5 cxd5 4. Nc3 Nf6 5. Bf4 Nc6 6. e3 Bg4 7. f3 Bd7 8. Bd3
e6 9. Nge2 Nh5 10. Bg3 Nxg3 11. Nxg3 g6 12. Rc1 Bg7 13. O-O O-O 14. Qb3 Qe7 15.
Nge2 Rfc8 16. a3 Na5 17. Qd1 Nc4 18. Bxc4 Rxc4 19. Nf4 b5 20. Nd3 Rac8 21. Nc5
b4 22. axb4 Rxb4 23. Rf2 Bf8 24. Nxd7 Qxd7 25. Rfc2 Rcb8 26. Rb1 Rb3 27. Qc1
Qb7 28. Na4 Rb4 29. Rc7 Qa6 30. Nc5 Qa5 31. Nd7 Rxb2 32. Rxb2 Rxb2 33. Nf6+ Kg7
34. Ne8+ Kg8 35. Nf6+ Kg7 36. Ne8+ Kh6 37. e4+ Rd2 38. Rc3 Qa2 39. Rd3 Bb4 40.
Rxd2 Bxd2 41. Qd1 Be3+ 42. Kh1 a5 43. Nf6 Kg7 44. Ng4 Qd2 45. Nxe3 Qxe3 46.
exd5 exd5 47. h3 Qe8 48. Qb3 Qc6 49. Qe3 Qd6 50. Qe8 Qf4 51. Qa4 Qc1+ 52. Kh2
Qc3 53. Qd1 h6 0-1

[Event "XI C.to Italiano U20"]
[Site "Bratto - Castione della Presolana ITA"]
[Date "2003.08.21"]
[Round "1"]
[White "Berni, Giorgio"]
[Black "Gatterer, Matthias"]
[Result "1-0"]
[WhiteElo "2219"]
[BlackElo "1684"]
[PlyCount "91"]
[EventDate "2003.08.21"]

1. e4 c6 2. d4 d5 3. Nc3 dxe4 4. Nxe4 Nd7 5. Bd3 Ngf6 6. Ng5 e6 7. N1f3 Bd6 8.
Qe2 h6 9. Ne4 Nxe4 10. Qxe4 Nf6 11. Qh4 Qc7 12. O-O Nd5 13. Re1 O-O 14. Ne5 Qe7
15. Qh3 Nb4 16. Be4 c5 17. c3 Nd5 18. Ng4 Nf4 19. Qf3 Ng6 20. Bxg6 fxg6 21. Qe4
Qf7 22. Bxh6 Bxh2+ 23. Kxh2 Qc7+ 24. Kg1 gxh6 25. Qxg6+ Qg7 26. Nxh6+ Kh8 27.
Qh5 Qh7 28. Re3 Rf6 29. Qe5 Qg7 30. Rg3 Qxh6 31. Rh3 Kg8 32. Rxh6 Rxh6 33. Qg5+
Kh7 34. Qe7+ Kg8 35. Re1 Rg6 36. dxc5 b6 37. c6 Ba6 38. Rxe6 Rxe6 39. Qxe6+ Kf8
40. c7 Rc8 41. Qd7 Kg8 42. b4 Kf8 43. a4 Kg8 44. c4 Kf8 45. b5 Bb7 46. a5 1-0

[Event "XI C.to Italiano U20"]
[Site "Bratto - Castione della Presolana ITA"]
[Date "2003.08.21"]
[Round "1"]
[White "Bonagura, Stefano"]
[Black "Waldner, Mirko"]
[Result "1/2-1/2"]
[WhiteElo "1579"]
[BlackElo "2067"]
[PlyCount "53"]
[EventDate "2003.08.21"]

1. d4 e6 2. c4 d5 3. Nc3 Nf6 4. Bg5 Be7 5. Nf3 O-O 6. e3 c6 7. a3 Re8 8. Rc1
Nbd7 9. cxd5 Nxd5 10. Bxe7 Qxe7 11. Bd3 e5 12. Nxd5 cxd5 13. dxe5 Nxe5 14. Bb5
Rd8 15. Nxe5 Qxe5 16. Qd4 Qg5 17. g3 Bg4 18. O-O Bf3 19. Rc7 a6 20. Bd3 Qh6 21.
Rfc1 Qd6 22. Qh4 h6 23. Qe7 Qxe7 24. Rxe7 Rac8 25. Rcc7 Rxc7 26. Rxc7 Kf8 27.
Kf1 1/2-1/2

[Event "XI C.to Italiano U20"]
[Site "Bratto - Castione della Presolana ITA"]
[Date "2003.08.21"]
[Round "1"]
[White "Boscolo, Marco"]
[Black "Pulito, Alberto"]
[Result "0-1"]
[WhiteElo "1567"]
[BlackElo "2058"]
[PlyCount "136"]
[EventDate "2003.08.21"]

1. e4 d5 2. exd5 Nf6 3. d4 Bg4 4. f3 Bf5 5. Bb5+ Nbd7 6. Nc3 a6 7. Bd3 Bxd3 8.
Qxd3 b5 9. Nge2 Nb6 10. Be3 g6 11. Bf2 Bg7 12. O-O O-O 13. b3 Nfxd5 14. Nxd5
Qxd5 15. Rad1 Rad8 16. Nf4 Qd6 17. g3 Rfe8 18. Rfe1 Bh6 19. Be3 Qf6 20. Qe4 Bg7
21. Qb7 Qd6 22. Qxa6 Qc6 23. d5 Qxc2 24. Qxb5 Qxa2 25. Re2 Qa8 26. Red2 Nd7 27.
Qc4 Ne5 28. Qe2 Rb8 29. Bd4 Nd7 30. Bxg7 Kxg7 31. Qd3 Qa3 32. Qc3+ Nf6 33. Rb1
Qb4 34. Qxb4 Rxb4 35. Rc2 g5 36. Nd3 Rd4 37. Nf2 Nxd5 38. Ne4 h6 39. Nc5 e6 40.
Rbc1 Rb8 41. Re2 Rb6 42. Kf2 Rc6 43. Nd3 Rxc1 44. Nxc1 Kf6 45. Rc2 Ke7 46. Ke2
Kd6 47. h3 h5 48. Kf2 h4 49. gxh4 Rxh4 50. Kg3 Rd4 51. Ne2 Rd3 52. Rb2 c5 53.
Kg4 f6 54. Kg3 Kc6 55. Ng1 Kb5 56. h4 gxh4+ 57. Kxh4 Kb4 58. Re2 Nf4 59. Re4+
Rd4 60. Kg3 Rxe4 61. fxe4 Nd3 62. Kf3 Kxb3 63. Ke3 c4 64. Ne2 e5 65. Kd2 Nc5
66. Nc3 Na4 67. Nd5 c3+ 68. Kc1 Nb2 0-1

[Event "XI C.to Italiano U20"]
[Site "Bratto - Castione della Presolana ITA"]
[Date "2003.08.21"]
[Round "1"]
[White "Brunello, Sabino"]
[Black "Longo, Luigi"]
[Result "1-0"]
[WhiteElo "2234"]
[BlackElo "1693"]
[PlyCount "84"]
[EventDate "2003.08.21"]

1. e4 e6 2. d4 d5 3. e5 c5 4. c3 Nc6 5. Nf3 Qb6 6. a3 Bd7 7. b4 cxd4 8. cxd4
Rc8 9. Bb2 Na5 10. Nc3 Nc4 11. Bxc4 Rxc4 12. O-O Ne7 13. Na4 Bxa4 14. Qxa4+ Rc6
15. Rfc1 g6 16. b5 Rxc1+ 17. Bxc1 Nc8 18. Bd2 Qd8 19. Rc1 Qd7 20. Ba5 b6 21.
Bd2 Be7 22. Bh6 Bd8 23. Qa6 Ne7 24. Bg7 Rg8 25. Bf6 h6 26. Ne1 g5 27. Nd3 Rg6
28. Nb4 Rxf6 29. exf6 Nf5 30. Rc8 Nd6 31. Rxd8+ Kxd8 32. Nc6+ Ke8 33. Nxa7 Qc7
34. Nc6 Qb7 35. Qa4 Ne4 36. Qb4 Qc7 37. Qa4 Nxf6 38. Qa8+ Kd7 39. Qf8 Ng4 40.
Qxf7+ Kc8 41. Qxe6+ Qd7 42. Qg8+ Kc7 1-0

[Event "XI C.to Italiano U20"]
[Site "Bratto - Castione della Presolana ITA"]
[Date "2003.08.21"]
[Round "1"]
[White "Buchicchio, Roberto"]
[Black "Di Caro, Calogero"]
[Result "0-1"]
[WhiteElo "1690"]
[BlackElo "2221"]
[PlyCount "104"]
[EventDate "2003.08.21"]

1. e4 e6 2. d4 d5 3. Nd2 Be7 4. c3 c5 5. dxc5 Nf6 6. exd5 Qxd5 7. Ngf3 Qxc5 8.
Nb3 Qc7 9. Bd3 O-O 10. O-O e5 11. Re1 Nc6 12. h3 h6 13. Qc2 b6 14. Nh4 Re8 15.
Nf5 Bf8 16. Ng3 Bb7 17. Bd2 Nd5 18. Re2 Nf4 19. Bxf4 exf4 20. Nf5 f3 21. Rxe8
Rxe8 22. gxf3 Ne5 23. Nd2 Nxf3+ 24. Nxf3 Bxf3 25. Nd4 Ba8 26. Qd2 Bc5 27. Re1
Re5 28. Rxe5 Qxe5 29. Qe3 Qd5 30. f3 g6 31. Be4 Qe5 32. Kg2 f5 33. Qxh6 fxe4
34. Qxg6+ Qg7 35. Qxg7+ Kxg7 36. fxe4 Bxe4+ 37. Kg3 Bd5 38. b3 Kf6 39. Kf4 Bd6+
40. Ke3 Kg5 41. Nf3+ Kf6 42. Nd4 Bg2 43. h4 Bg3 44. Nf3 Bxf3 45. Kxf3 Bxh4 46.
Ke4 Ke6 47. Kd4 Kd6 48. Kc4 Kc6 49. a4 a6 50. b4 b5+ 51. axb5+ axb5+ 52. Kd4
Bf6+ 0-1

[Event "XI C.to Italiano U20"]
[Site "Bratto - Castione della Presolana ITA"]
[Date "2003.08.21"]
[Round "1"]
[White "Buono, Michele"]
[Black "Trazzi, Enrico"]
[Result "1/2-1/2"]
[WhiteElo "2129"]
[BlackElo "1600"]
[PlyCount "54"]
[EventDate "2003.08.21"]

1. e4 g6 2. d4 Bg7 3. Nc3 c6 4. Bc4 d6 5. Be3 Nd7 6. Qd2 Qc7 7. Bb3 e5 8. O-O-O
Ne7 9. Nf3 O-O 10. h4 h5 11. Bh6 Nf6 12. Bxg7 Kxg7 13. Ng5 Nh7 14. Nxf7 Rxf7
15. Bxf7 Kxf7 16. f4 exf4 17. Qxf4+ Kg7 18. d5 Bg4 19. Rd2 Rd8 20. Re1 cxd5 21.
exd5 Nf5 22. Qf2 a6 23. Ne2 Bxe2 24. Rexe2 Nf6 25. Qf4 Ng4 26. Qg5 Ne5 27. Rf2
Rf8 1/2-1/2

[Event "XI C.to Italiano U20"]
[Site "Bratto - Castione della Presolana ITA"]
[Date "2003.08.21"]
[Round "1"]
[White "Campanella, Giovanni"]
[Black "Napoli, Nicolo'"]
[Result "0-1"]
[WhiteElo "1549"]
[BlackElo "2039"]
[PlyCount "120"]
[EventDate "2003.08.21"]

1. e4 g6 2. d4 Bg7 3. Nf3 d6 4. Be3 Nd7 5. c3 e5 6. d5 Ne7 7. Nfd2 a5 8. Bb5 c6
9. Bc4 O-O 10. O-O Nb6 11. a4 cxd5 12. Bxb6 Qxb6 13. Bxd5 Nxd5 14. exd5 Qxb2
15. Ra3 Qb6 16. c4 f5 17. Nc3 Bd7 18. Qc2 e4 19. Rb3 Qc7 20. Rfb1 Rab8 21. Nb5
Qc5 22. Nf1 Rbe8 23. Kh1 f4 24. Qd2 Bh6 25. Qxa5 Qxf2 26. R3b2 Qc5 27. Qc7 Bxb5
28. Qxc5 dxc5 29. Rxb5 e3 30. Re1 g5 31. h3 Bg7 32. Nh2 e2 33. Nf3 Bc3 34. Rxc5
Bxe1 35. Nxe1 Rc8 36. Rb5 Rxc4 37. Kg1 Rxa4 38. Kf2 Rd4 39. Nf3 e1=Q+ 40. Kxe1
Re4+ 41. Kf2 h6 42. Rxb7 Rd8 43. Rb5 Rd6 44. Rc5 Kg7 45. g3 Kf6 46. gxf4 Rxf4
47. Ke3 Rf5 48. Ke4 Ra6 49. Rc6+ Rxc6 50. dxc6 Rc5 51. Nd4 h5 52. Kd3 Ke5 53.
Nf3+ Kf4 54. Nd4 Kg3 55. Ne6 Rxc6 56. Nxg5 Kh4 57. Ne4 Kxh3 58. Ke2 Re6 59. Kf3
Rxe4 60. Kxe4 Kg2 0-1

[Event "XI C.to Italiano U20"]
[Site "Bratto - Castione della Presolana ITA"]
[Date "2003.08.21"]
[Round "1"]
[White "Cappai, Davide"]
[Black "Vignoli, Matteo"]
[Result "1-0"]
[WhiteElo "2105"]
[BlackElo "1600"]
[PlyCount "121"]
[EventDate "2003.08.21"]

1. e4 e5 2. Nf3 Nc6 3. Bc4 Bc5 4. c3 Nf6 5. d4 exd4 6. e5 Ng4 7. cxd4 Bb4+ 8.
Nc3 d5 9. Bb3 Bf5 10. h3 Nh6 11. O-O Bxc3 12. bxc3 Qd7 13. Kh2 O-O-O 14. Be3
Ng8 15. Rc1 Nge7 16. Re1 h6 17. c4 g5 18. c5 g4 19. Nh4 Be6 20. hxg4 Bxg4 21.
f3 Bh5 22. Ba4 Qe6 23. Bb5 f6 24. exf6 Qxf6 25. Bf2 Rhg8 26. Qd3 Bg6 27. Qe3
Nf5 28. Nxf5 Bxf5 29. Qf4 Qg5 30. Qxg5 hxg5 31. Bxc6 bxc6 32. Re5 Bd3 33. Rc3
Bc4 34. a3 Rde8 35. Rce3 Kd7 36. Kg3 Rxe5 37. Rxe5 Bf1 38. Re1 Bd3 39. Kg4 a6
40. Be3 Re8 41. Bd2 Rxe1 42. Bxe1 Bf1 43. g3 Be2 44. Bd2 Ke6 45. Bxg5 Kf7 46.
Bd8 Kg6 47. Bxc7 Bd1 48. Kf4 Kf6 49. Be5+ Kg6 50. g4 Be2 51. Kg3 Bd3 52. Bc7
Kf7 53. Bd8 Bh7 54. f4 Bg8 55. f5 Kg7 56. g5 Kf8 57. Kf4 Ke8 58. Bf6 a5 59. Ke5
Kd7 60. g6 a4 61. Bg7 1-0

[Event "XI C.to Italiano U20"]
[Site "Bratto - Castione della Presolana ITA"]
[Date "2003.08.21"]
[Round "1"]
[White "Castellano, Fabio Marco"]
[Black "Locatelli, Andrea"]
[Result "0-1"]
[WhiteElo "1534"]
[BlackElo "2011"]
[PlyCount "78"]
[EventDate "2003.08.21"]

1. e4 c5 2. Nf3 d6 3. d4 cxd4 4. Nxd4 Nf6 5. Nc3 a6 6. Be2 e5 7. Nb3 Be6 8. O-O
Be7 9. f4 Qc7 10. f5 Bc4 11. Be3 Nbd7 12. Kh1 b5 13. a3 Rb8 14. Nd2 d5 15. Nxc4
dxc4 16. Bf3 Nc5 17. Qe2 Na4 18. Nxa4 bxa4 19. Rab1 h6 20. Rfc1 O-O 21. g4 Nh7
22. c3 Qc6 23. Qc2 Rb7 24. Kg2 Rfb8 25. Rd1 Bf8 26. Kg3 Rb3 27. h4 Be7 28. Bc1
Bxa3 29. Rd2 Bc5 30. Ra1 Be3 31. Re2 Bxc1 32. Qxc1 Rd8 33. Rd2 Rxd2 34. Qxd2
Qb6 35. Ra2 a3 36. bxa3 Qg1+ 37. Bg2 Nf6 38. Qe2 Rxc3+ 39. Qf3 Nxe4+ 0-1

[Event "XI C.to Italiano U20"]
[Site "Bratto - Castione della Presolana ITA"]
[Date "2003.08.21"]
[Round "1"]
[White "Chinello, Gianmarco"]
[Black "Ronchetti, Niccolo'"]
[Result "0-1"]
[WhiteElo "1681"]
[BlackElo "2217"]
[PlyCount "33"]
[EventDate "2003.08.21"]

1. e4 c5 2. f4 d5 3. e5 Bf5 4. Bb5+ Nc6 5. Bxc6+ bxc6 6. d3 e6 7. Nf3 Be7 8.
Be3 Rb8 9. b3 h5 10. Nbd2 Nh6 11. h3 Bg6 12. Qe2 Nf5 13. Bf2 h4 14. O-O-O Qa5
15. a4 c4 16. dxc4 Ba3+ 17. Kb1 0-1

[Event "XI C.to Italiano U20"]
[Site "Bratto - Castione della Presolana ITA"]
[Date "2003.08.21"]
[Round "1"]
[White "Damia, Angelo"]
[Black "Fratino, Lorenzo"]
[Result "1-0"]
[WhiteElo "2021"]
[BlackElo "1548"]
[PlyCount "45"]
[EventDate "2003.08.21"]

1. e4 e5 2. Nf3 Nf6 3. Nc3 Bb4 4. Bc4 Nc6 5. a3 Bxc3 6. dxc3 O-O 7. Bg5 h6 8.
Bh4 d6 9. Nd2 Qe7 10. Qe2 Be6 11. O-O-O Nb8 12. f3 c6 13. g4 g5 14. Bg3 b5 15.
Bb3 a5 16. h4 Bxb3 17. cxb3 Nh7 18. hxg5 hxg5 19. Nf1 b4 20. Ne3 bxc3 21. Nf5
cxb2+ 22. Kxb2 Qb7 23. Rxh7 1-0

[Event "XI C.to Italiano U20"]
[Site "Bratto - Castione della Presolana ITA"]
[Date "2003.08.21"]
[Round "1"]
[White "Ferro, Mario"]
[Black "Longo, Aldo"]
[Result "1-0"]
[WhiteElo "2190"]
[BlackElo "1677"]
[PlyCount "65"]
[EventDate "2003.08.21"]

1. c4 e5 2. Nc3 Nc6 3. g3 f5 4. Bg2 Nf6 5. e3 g6 6. Nge2 Bg7 7. O-O O-O 8. b3
d6 9. Bb2 e4 10. d3 exd3 11. Qxd3 Bd7 12. Nd4 Re8 13. Rad1 Qe7 14. Nd5 Nxd5 15.
Bxd5+ Kh8 16. Nxc6 Bxc6 17. Bxg7+ Kxg7 18. Bxc6 bxc6 19. c5 d5 20. Qc3+ Kg8 21.
Rd4 Qg7 22. Qa5 a6 23. Rfd1 Reb8 24. Rb4 Qf8 25. Rxb8 Qxb8 26. Rd4 Ra7 27. Qc3
Rb7 28. Ra4 Ra7 29. Qf6 Qe8 30. h4 a5 31. h5 Ra8 32. Rf4 gxh5 33. Rxf5 1-0

[Event "XI C.to Italiano U20"]
[Site "Bratto - Castione della Presolana ITA"]
[Date "2003.08.21"]
[Round "1"]
[White "Forato, Enrico"]
[Black "Braschi, Giancarlo"]
[Result "0-1"]
[WhiteElo "1600"]
[BlackElo "2138"]
[PlyCount "64"]
[EventDate "2003.08.21"]

1. e4 c5 2. Nf3 Nc6 3. d4 cxd4 4. Nxd4 e5 5. Nb3 Nf6 6. Nc3 Bb4 7. Bd3 d5 8.
exd5 Nxd5 9. Bd2 Bxc3 10. Bxc3 O-O 11. O-O Nxc3 12. bxc3 Qe7 13. Re1 Be6 14.
Qe2 Rfe8 15. Qe3 Rad8 16. Nc5 Bc8 17. Rad1 g6 18. f3 b6 19. Ne4 Kg7 20. Kf1 Bb7
21. Kg1 Qe6 22. Ra1 f6 23. Kf1 Qd5 24. Kg1 Na5 25. Qe2 f5 26. Ng3 Qc5+ 27. Kf1
e4 28. fxe4 fxe4 29. Bxe4 Bxe4 30. Nxe4 Rf8+ 31. Nf2 Rxf2+ 32. Qxf2 Rf8 0-1

[Event "XI C.to Italiano U20"]
[Site "Bratto - Castione della Presolana ITA"]
[Date "2003.08.21"]
[Round "1"]
[White "Kidane, Robel"]
[Black "Procacci, Sergio"]
[Result "1-0"]
[WhiteElo "2045"]
[BlackElo "1551"]
[PlyCount "75"]
[EventDate "2003.08.21"]

1. e4 d6 2. d4 Nf6 3. Nc3 g6 4. Bg5 c6 5. Qd2 Bg7 6. f3 h6 7. Be3 b5 8. a3 d5
9. e5 Nfd7 10. Bd3 Nb6 11. b3 Na6 12. Nge2 Nc7 13. h4 h5 14. Ng3 Bxe5 15. dxe5
d4 16. Bxg6 fxg6 17. Qxd4 Qxd4 18. Bxd4 Bf5 19. O-O-O Nbd5 20. Nce4 Ne6 21. Nc5
Nxd4 22. Rxd4 O-O 23. Re1 Nb6 24. e6 Rad8 25. Nxf5 gxf5 26. Nd7 Nxd7 27. exd7
Rf7 28. Re6 Kg7 29. Rxc6 e5 30. Rd5 e4 31. fxe4 fxe4 32. Re6 Rdxd7 33. Rg5+ Kf8
34. Rxe4 Rf1+ 35. Kb2 a6 36. Rxh5 Rf2 37. g4 Rdd2 38. Rf5+ 1-0

[Event "XI C.to Italiano U20"]
[Site "Bratto - Castione della Presolana ITA"]
[Date "2003.08.21"]
[Round "1"]
[White "Lettieri, Giuseppe"]
[Black "Dessi', Fabrizio Daniele"]
[Result "1-0"]
[WhiteElo "1894"]
[BlackElo "1522"]
[PlyCount "69"]
[EventDate "2003.08.21"]

1. e4 c5 2. c3 a6 3. d4 cxd4 4. cxd4 d5 5. e5 Nc6 6. Nc3 e6 7. Nf3 h6 8. Be3
Bb4 9. Rc1 Qc7 10. Bd3 f6 11. Bg6+ Kf8 12. a3 Be7 13. O-O Bd7 14. Bf4 f5 15.
Bg3 Qd8 16. Ne2 Be8 17. Nf4 Qd7 18. h4 Bd8 19. h5 Nge7 20. Nh4 Bb6 21. Bxe8
Kxe8 22. Nf3 Rg8 23. b4 g6 24. hxg6 Nxg6 25. Nh5 Bd8 26. Qd2 Rh8 27. a4 Na7 28.
Rfe1 Qxa4 29. Nf6+ Kf7 30. Nh4 Bxf6 31. exf6 Qd7 32. Nxg6 Kxg6 33. Rc7 Qe8 34.
Rg7+ Kh5 35. Qf4 1-0

[Event "XI C.to Italiano U20"]
[Site "Bratto - Castione della Presolana ITA"]
[Date "2003.08.21"]
[Round "1"]
[White "Lorusso, Giuseppe"]
[Black "Ferrarese, Giacomo"]
[Result "1-0"]
[WhiteElo "1801"]
[BlackElo "1507"]
[PlyCount "55"]
[EventDate "2003.08.21"]

1. d4 Nf6 2. c4 g6 3. Nc3 Bg7 4. e4 d6 5. Nf3 O-O 6. Be2 Nbd7 7. O-O c5 8. d5
Re8 9. Ne1 Nf8 10. f4 e6 11. Qc2 Qe7 12. Bf3 h5 13. Bd2 b6 14. e5 dxe5 15. fxe5
exd5 16. exf6 Qxf6 17. Bxd5 Qd4+ 18. Kh1 Bf5 19. Rxf5 gxf5 20. Nf3 Qg4 21. Bxa8
Rxa8 22. Nd5 Ng6 23. Re1 Kf8 24. b3 f4 25. Bc3 Bxc3 26. Qxc3 Re8 27. Rxe8+ Kxe8
28. Nf6+ 1-0

[Event "XI C.to Italiano U20"]
[Site "Bratto - Castione della Presolana ITA"]
[Date "2003.08.21"]
[Round "1"]
[White "Massironi, Marco"]
[Black "Xia, Jie"]
[Result "1-0"]
[WhiteElo "2082"]
[BlackElo "1597"]
[PlyCount "81"]
[EventDate "2003.08.21"]

1. e4 c5 2. Nf3 d6 3. d4 cxd4 4. Nxd4 Nf6 5. Nc3 a6 6. Be3 b5 7. f3 Bb7 8. Qd2
Nbd7 9. g4 h6 10. O-O-O e6 11. h4 b4 12. Na4 d5 13. Bh3 Qa5 14. b3 dxe4 15. g5
Nd5 16. Nxe6 fxe6 17. Bxe6 Bc6 18. Bxd5 Qxd5 19. Qxd5 Bxd5 20. Rxd5 hxg5 21.
Rxd7 Kxd7 22. Nb6+ Kc6 23. Nxa8 exf3 24. Nb6 g4 25. Nc4 Kd5 26. Bf2 Be7 27.
Ne3+ Ke6 28. Nxg4 Bd6 29. Bd4 Bg3 30. h5 Rh7 31. Rh3 Bf4+ 32. Kb2 Kf5 33. Nf2
Kg5 34. Rxf3 Rxh5 35. Nh3+ Rxh3 36. Rxh3 Kg4 37. Rh1 g5 38. Rg1+ Kh3 39. Rf1
Bg3 40. Rf3 Kg2 41. Rxg3+ 1-0

[Event "XI C.to Italiano U20"]
[Site "Bratto - Castione della Presolana ITA"]
[Date "2003.08.21"]
[Round "1"]
[White "Mogranzini, Roberto"]
[Black "Bellemo, Davide"]
[Result "1-0"]
[WhiteElo "2172"]
[BlackElo "1618"]
[PlyCount "75"]
[EventDate "2003.08.21"]

1. e4 e5 2. Nf3 Nc6 3. Bb5 a6 4. Ba4 Nf6 5. Qe2 d6 6. c3 b5 7. Bb3 Be7 8. O-O
Bb7 9. d4 exd4 10. cxd4 Na5 11. Bc2 O-O 12. b3 Nd7 13. Bb2 Bf6 14. Nbd2 Re8 15.
Rfe1 Nc6 16. Rad1 Qe7 17. Bb1 g6 18. Nf1 Bg7 19. Ng3 Rad8 20. Qd2 Qf8 21. a3 h6
22. Rc1 Rc8 23. Ba2 Kh7 24. b4 Nf6 25. Qf4 Qe7 26. e5 dxe5 27. dxe5 Nd7 28.
Bxf7 Rf8 29. Bxg6+ Kxg6 30. Qe4+ Kf7 31. e6+ Kg8 32. Bxg7 Nf6 33. Bxf6 Qxf6 34.
Rxc6 Bxc6 35. Qxc6 Qe7 36. Qxa6 Ra8 37. Qxb5 Rxa3 38. Nf5 1-0

[Event "XI C.to Italiano U20"]
[Site "Bratto - Castione della Presolana ITA"]
[Date "2003.08.21"]
[Round "1"]
[White "Nardi, Marco"]
[Black "Orani, Luigi Giuseppe"]
[Result "1-0"]
[WhiteElo "1774"]
[BlackElo "1500"]
[PlyCount "83"]
[EventDate "2003.08.21"]

1. e4 c5 2. Nc3 d6 3. d3 e5 4. g3 Nc6 5. Bg2 g6 6. Be3 Bg7 7. Qd2 Qe7 8. Nd5
Qd8 9. Ne2 Be6 10. Nec3 Qa5 11. O-O Bxd5 12. exd5 Nd4 13. f4 Nb5 14. fxe5 Bxe5
15. Qf2 f6 16. Nxb5 Qxb5 17. a4 Qd7 18. c3 f5 19. d4 cxd4 20. Bxd4 Nf6 21. Bxa7
O-O 22. Bd4 Ng4 23. Qd2 Rxa4 24. Rxa4 Qxa4 25. h3 Nf6 26. Bxe5 dxe5 27. d6 Qd7
28. c4 b6 29. b4 Rc8 30. Rc1 Ne8 31. c5 bxc5 32. bxc5 e4 33. Bf1 h5 34. Ba6 Rb8
35. c6 Qxd6 36. Qxd6 Nxd6 37. c7 Rb6 38. Rd1 Rxa6 39. Rxd6 Rxd6 40. c8=Q+ Kg7
41. Qc7+ Kh6 42. Qxd6 1-0

[Event "XI C.to Italiano U20"]
[Site "Bratto - Castione della Presolana ITA"]
[Date "2003.08.21"]
[Round "1"]
[White "Navarro, Tommaso"]
[Black "Ferrante, Marco"]
[Result "0-1"]
[WhiteElo "1513"]
[BlackElo "1849"]
[PlyCount "130"]
[EventDate "2003.08.21"]

1. e4 e6 2. d4 d5 3. exd5 exd5 4. Nf3 Bd6 5. Nc3 c6 6. Be2 Bf5 7. O-O Nf6 8.
Re1 O-O 9. Bg5 Nbd7 10. Bd3 Bxd3 11. Qxd3 Qc7 12. Ne2 Ne4 13. Bh4 f5 14. Qb3 h6
15. Bg3 f4 16. Nxf4 Bxf4 17. Rxe4 Bxg3 18. hxg3 Nf6 19. Re6 Qd7 20. Rae1 Rae8
21. Rxe8 Rxe8 22. Rxe8+ Nxe8 23. Ne5 Qc7 24. f4 Nf6 25. g4 Ne4 26. Qe3 Qe7 27.
c4 Qh4 28. cxd5 cxd5 29. Qe2 Ng3 30. Qf3 Qh1+ 31. Kf2 Ne4+ 32. Ke2 Qg1 33. Nd3
Qxd4 34. a3 a5 35. Qe3 Qc4 36. Kf3 Qc2 37. g5 hxg5 38. fxg5 Nxg5+ 39. Qxg5
Qxd3+ 40. Qe3 Qd1+ 41. Kg3 Qh5 42. Qe6+ Kh7 43. Kf2 Qh4+ 44. Ke2 Qc4+ 45. Kf3
Qf1+ 46. Kg3 Qd3+ 47. Kh2 Qe4 48. Qh3+ Kg6 49. Qg3+ Kf6 50. Qd6+ Qe6 51. Qf4+
Kg6 52. b4 axb4 53. axb4 Kh7 54. Kg3 Kg6 55. Kh2 Qe4 56. Qg3+ Kf7 57. Qc7+ Qe7
58. Qf4+ Ke6 59. Kg3 Qd6 60. Qxd6+ Kxd6 61. Kf4 Ke6 62. g3 b5 63. g4 Kf6 64.
g5+ Ke6 65. g6 Kf6 0-1

[Event "XI C.to Italiano U20"]
[Site "Bratto - Castione della Presolana ITA"]
[Date "2003.08.21"]
[Round "1"]
[White "Oblak, Mitja"]
[Black "Buchicchio, Alessandro"]
[Result "1/2-1/2"]
[WhiteElo "1500"]
[BlackElo "1785"]
[PlyCount "101"]
[EventDate "2003.08.21"]

1. d4 Nf6 2. Nf3 d6 3. Bg5 Nbd7 4. Nbd2 g6 5. g3 Bg7 6. Bg2 O-O 7. O-O c5 8. c3
Re8 9. e3 Rb8 10. a3 h6 11. Bxf6 Nxf6 12. b4 cxd4 13. cxd4 b6 14. Qb3 Be6 15.
Qb2 Qd7 16. Rfc1 Rec8 17. Rxc8+ Rxc8 18. Rc1 Bh3 19. Rc3 Bxg2 20. Kxg2 Nd5 21.
Rxc8+ Qxc8 22. Qb3 Nf6 23. Qc4 Qb7 24. Kg1 Nd5 25. Ne1 e5 26. e4 Ne7 27. d5 f5
28. f3 b5 29. Qc3 Bf6 30. h4 f4 31. gxf4 Qb6+ 32. Kh1 Bxh4 33. Ng2 Bg3 34. fxe5
Bxe5 35. Qe3 Qc7 36. Nf1 Qc4 37. Qf2 Qd3 38. Nge3 Qxa3 39. Qh4 Kf7 40. Qxh6
Qxb4 41. Ng4 Bg7 42. Qf4+ Ke8 43. Nf6+ Bxf6 44. Qxf6 Qb1 45. Kg1 Qc2 46. Qxd6
Qc8 47. Qe5 Qc5+ 48. Kg2 b4 49. Qe6 Qc8 50. Qe5 Kd7 51. Qe6+ 1/2-1/2

[Event "XI C.to Italiano U20"]
[Site "Bratto - Castione della Presolana ITA"]
[Date "2003.08.21"]
[Round "1"]
[White "Pagan, Nicolo'"]
[Black "Bove, Alessandro"]
[Result "0-1"]
[WhiteElo "1600"]
[BlackElo "2129"]
[PlyCount "104"]
[EventDate "2003.08.21"]

1. d4 c5 2. dxc5 e6 3. Nf3 Bxc5 4. Nc3 Nf6 5. e3 d5 6. g3 Nc6 7. Nd4 e5 8. Nxc6
bxc6 9. Bg2 e4 10. h3 Nd7 11. Bd2 Ne5 12. Na4 Bd6 13. Bc3 O-O 14. Qe2 a5 15.
O-O-O Ba6 16. Qh5 Ng6 17. Bf1 Qe7 18. Bxa6 Rxa6 19. b3 Rb8 20. h4 Bb4 21. Ba1
Ba3+ 22. Kb1 Rb4 23. Rd4 Rxd4 24. Bxd4 c5 25. Ba1 Rd6 26. Qg4 Qd7 27. Qxd7 Rxd7
28. h5 Ne7 29. Rd1 c4 30. Be5 Nc6 31. Bf4 cxb3 32. axb3 d4 33. exd4 Rxd4 34.
Rxd4 Nxd4 35. Nc3 f5 36. Be5 Nc6 37. Bc7 Bc5 38. Nd1 Kf7 39. Kb2 Ke6 40. c4 g5
41. Ne3 Kd7 42. Nd5 Bxf2 43. Kc3 Nb4 44. Be5 Be1+ 45. Kd4 Nc6+ 46. Kc5 Nxe5 47.
Nf6+ Ke7 48. Nxh7 Nf7 49. Kd4 Bxg3 50. h6 Bf2+ 51. Kc3 Bc5 52. Kd2 f4 0-1

[Event "XI C.to Italiano U20"]
[Site "Bratto - Castione della Presolana ITA"]
[Date "2003.08.21"]
[Round "1"]
[White "Parpinel, Marco"]
[Black "Vocaturo, Daniele"]
[Result "0-1"]
[WhiteElo "1606"]
[BlackElo "2156"]
[PlyCount "132"]
[EventDate "2003.08.21"]

1. e4 c5 2. b4 cxb4 3. Bb2 d5 4. exd5 Qxd5 5. d4 Nf6 6. c4 bxc3 7. Nxc3 Qd8 8.
Bc4 e6 9. Nge2 a6 10. a4 Bd6 11. Qd3 b6 12. O-O Bb7 13. Ng3 O-O 14. Nce4 Nxe4
15. Nxe4 Bxh2+ 16. Kxh2 Qh4+ 17. Qh3 Qxh3+ 18. gxh3 Bxe4 19. Rae1 Bg6 20. d5
exd5 21. Bxd5 Ra7 22. Re3 Rd7 23. Ba8 f6 24. Re6 b5 25. axb5 axb5 26. Rfe1 Bf7
27. Re7 Rd2 28. R1e2 Rxe2 29. Rxe2 Re8 30. Rd2 Bc4 31. Bd5+ Bxd5 32. Rxd5 b4
33. Kg3 Kf7 34. Rc5 Nd7 35. Rc4 Rb8 36. f4 Ke6 37. Kf3 Kd5 38. Rc7 Kd6 39. Rc2
Nc5 40. Rg2 Rb7 41. h4 Kc6 42. h5 h6 43. Rc2 Kb5 44. Ke3 b3 45. Rd2 Re7+ 46.
Kf3 Na4 47. Ba3 Rc7 48. Rd3 Rc3 49. Rxc3 Nxc3 50. Kg4 Ka4 51. Bc1 Nd5 52. Kf5
Kb4 53. Bb2 Kc4 54. Kg6 Nxf4+ 55. Kxg7 Nxh5+ 56. Kxh6 Ng7 57. Kg6 f5 58. Kg5
Kd3 59. Kf4 Ne6+ 60. Kxf5 Kc2 61. Ba1 Nc5 62. Kg6 Na4 63. Kf5 Nb2 64. Ke4 Kb1
65. Kd4 Kxa1 66. Kc3 Ka2 0-1

[Event "XI C.to Italiano U20"]
[Site "Bratto - Castione della Presolana ITA"]
[Date "2003.08.21"]
[Round "1"]
[White "Piscopo, Pierluigi"]
[Black "D'Apa, Matteo"]
[Result "1-0"]
[WhiteElo "2319"]
[BlackElo "1747"]
[PlyCount "67"]
[EventDate "2003.08.21"]

1. e4 e5 2. Nf3 Nc6 3. Bc4 Nf6 4. d3 Bc5 5. Nc3 d6 6. Bg5 h6 7. Bxf6 Qxf6 8.
Nd5 Qd8 9. c3 Bg4 10. b4 Bb6 11. h3 Bh5 12. a4 a6 13. O-O Ba7 14. Kh2 O-O 15.
g4 Bg6 16. h4 Ne7 17. h5 Bh7 18. Nxe7+ Qxe7 19. Qd2 c6 20. Rae1 d5 21. Bb3 Rad8
22. Qe2 Qf6 23. Rg1 Rd7 24. g5 Qf4+ 25. Kh3 hxg5 26. Rxg5 dxe4 27. dxe4 Rd2 28.
Qxd2 Qxf3+ 29. Rg3 Qxh5+ 30. Kg2 Qh4 31. Qg5 Bxe4+ 32. f3 Qxg5 33. Rxg5 Bg6 34.
Rxg6 1-0